| 000 | 01334nam a22003617a 4500 | ||
|---|---|---|---|
| 003 | CHAP | ||
| 005 | 20220329143802.0 | ||
| 008 | 110816s1970 mx r 00010 spa d | ||
| 010 | _a101848 | ||
| 011 | _a102820 | ||
| 035 | _a113509 | ||
| 040 | _cCHAP | ||
| 082 | 0 | 4 |
_a631.70972 _bP93 |
| 110 | 1 |
_aPartido Revolucionario Institucional México. Instituto de Estudios Políticos Económicos y Sociales _985810 |
|
| 245 | 1 | 0 |
_aInformación hidraúlica por entidades federativas _c/por Abelardo Amaya Brondo...[et al.] |
| 260 |
_aMéxico, D.F. : _bPRI, IEPES, _c1970 |
||
| 300 | _apaginación varia | ||
| 590 |
_aBATCH-UPD _b10 _c20130110 _lUCH01 _h0944 |
||
| 590 |
_aBATCH-UPD _b10 _c20130410 _lUCH01 _h0559 |
||
| 590 |
_aBATCH-UPD _b10 _c20130913 _lUCH01 _h2248 |
||
| 590 |
_aBATCH-UPD _b10 _c20141001 _lUCH01 _h1313 |
||
| 590 |
_aCONVERSION _b10 _c20130109 _lUCH01 _h1356 |
||
| 650 | 1 | 4 |
_aAgua para irrigación _xMéxico. _92438 |
| 650 | 1 | 4 |
_aAgua _xAprovechamiento. _92282 |
| 650 | 1 | 4 |
_aAgua _xUtilización. _92401 |
| 650 | 1 | 4 |
_aPlaneación regional _xMéxico. _988714 |
| 650 | 1 | 4 |
_aPolítica hidráulica _xMéxico. _990663 |
| 650 | 1 | 4 |
_aRecursos hidráulicos _xMéxico. _995116 |
| 700 | 0 |
_aAmaya Brondo, Abelardo. _95168 |
|
| 901 | _aBK | ||
| 942 | _cLIBRO | ||
| 949 |
_a631.70972 P93 _bBC _cLIBRO _d33724002227835 _eLIBRO _h115588 _i113509 _sb |
||
| 999 |
_c101848 _d101848 |
||